| 000 | 01630cam a2200397 i 4500 | ||
|---|---|---|---|
| 001 | 44795 | ||
| 003 | Mx-PuUPA | ||
| 005 | 20250313134821.0 | ||
| 008 | 140415s2001 mx a gr 000 0 spa d | ||
| 020 | _a9701033698 | ||
| 020 | _a9789701033692 | ||
| 040 |
_aMx-PuUPA _bspa _cMx-PuUPA _dMx-PuUPA _erda |
||
| 041 | 1 |
_aspa _heng |
|
| 100 | 1 |
_aCarter, Rob, _eautor _912031 |
|
| 240 | 1 | 0 |
_aWorking with type 5 Exhibitions. _lEspañol |
| 245 | 1 | 0 |
_aDiseño con tipografía : _bexposiciones 5 / _cRob Carter, John DeMao, Sandy Wheeler con Barbara Fahs Charles [y otros tres] ; traducción, Index Book |
| 250 | _aPrimera edición | ||
| 264 | 1 |
_aMéxico, D.F. : _bMcGraw-Hill Interamericana Editores, _c©2001 |
|
| 300 |
_a160 páginas : _bilustraciones ; _c27 cm |
||
| 336 |
_2rdacontent _atexto _btxt |
||
| 337 |
_2rdamedia _asin medio _bn |
||
| 338 |
_2rdacarrier _avolumen _bnc |
||
| 500 | _a"Possible dreams ; Rock and roll hall of fame and museum ; Taxi driver of the year ; The 30th anniversary covers tour ; Urban revisions ; Village works ; World of life ; Zum Sxhutz des landes". -- Cubierta | ||
| 546 | _aEn inglés, nota en cubierta. | ||
| 650 | 7 |
_2armarc _aTipografía |
|
| 650 | 7 |
_2armarc _aImpresión (Artes gráficas) |
|
| 700 | 1 |
_aDeMao, John, _eautor |
|
| 700 | 1 |
_aWheeler, Sandy, _eautor |
|
| 700 | 1 |
_aCharles, Barbara Fahs, _ecolaborador |
|
| 710 | 2 |
_aIndex Book _etraductor |
|
| 740 | _aWORKING WITH TYPE 5 EXHIBITIONS | ||
| 765 | 0 |
_aCarter, Rob, _tWorking with type 5 Exhibitions. _z2880464374 |
|
| 942 |
_2ddc _cLI _h686.22 _iC2518 |
||
| 999 |
_c44795 _d44795 |
||